000 01161nam a22002297a 4500
005 20210325204952.0
008 s2553 th tha d
020 _a9786165480611
041 _atha
050 _aHF5549.5.M3 ค122ก 2553 ล.4
245 1 0 _aกระแสคน กระแสโลก เล่ม 4
260 3 _aกรุงเทพฯ :
_bโรงพิมพ์ ไอเดียสแควร์,
_c2553
300 _a143 หน้า :
_b ภาพประกอบ ;
_c 26 ซม.
610 _aสำนักงานคณะกรรมการข้าราชการพลเรือน. สำนักพัฒนาระบบจำแนกตำแหน่งและค่าตอบแทน
650 0 4 _aการบริหารทรัพยากรบุคคล
650 0 4 _aการบริหารงานบุคคล
850 _aNALT
942 _cGB
997 _aบ 23294 ฉ.1 /บ 23295 ฉ.2
997 _c000000000062278
998 _aนางสาวชัชฎา จูฑะรักษ์
999 _c62278
_d62278